SICK Kft. logisztikai kiszolgálásának elemzése

Bibliographic Details
Main Author: Pankotai Dóra
Other Authors: Horváth Dr. Annamária
Format: Thesis
Kulcsszavak:Mikrologisztikai rendszer
Anyagáramlási folyamatok
Lerakó-, felrakó sziget
Online Access:http://dolgozattar.uni-bge.hu/8571

MARC

LEADER 00000nta a2200000 i 4500
001 dolg8571
005 20170515101333.0
008 161210suuuu hu om 000 hun d
040 |a BGE Dolgozattár Repozitórium  |b hun 
041 |a hu 
100 1 |a Pankotai Dóra 
245 1 0 |a SICK Kft. logisztikai kiszolgálásának elemzése  |c Pankotai Dóra  |h [elektronikus dokumentum] 
695 |a Mikrologisztikai rendszer 
695 |a Anyagáramlási folyamatok 
695 |a Lerakó-, felrakó sziget 
700 1 |a Horváth Dr. Annamária  |e ths 
856 4 0 |u http://dolgozattar.uni-bge.hu/8571/1/SZAKDOLGOZAT.pdf  |z Dokumentum-elérés 
856 4 0 |u http://dolgozattar.uni-bge.hu/8571/7/Hivatalos%20bejegyz%C3%A9s%20Pankotai%20D%C3%B3ra.pdf  |z Dokumentum-elérés